00338nam a2200133Ia 4500008004100000020001500041041001200056082001600068100001500084245005600099260002500155300000800180650001600188221030s9999 xx 000 0 und d a0074602942 aEnglish a105.23bNav aN. Prakash 0aIntroduction to Data Base Managementcby N. Prakash bTMHaNew Delhic2001 a304 aBE Computer